| 000 | 00543cam a22002171 4500 | ||
|---|---|---|---|
| 001 | ne 63000140 | ||
| 003 | DLC | ||
| 005 | 20260227111740.0 | ||
| 008 | 881028s1962 xx 000 0 ara | ||
| 010 | _ane 63000140 | ||
| 035 | _a(OCoLC)23504472 | ||
| 040 |
_aDLC _cMiU _dDLC |
||
| 042 | _apremarc | ||
| 050 | 0 | 0 |
_aPJ7862.A54 _bU45 1962 |
| 100 | 2 | _aEl Sakkakini, Widad. | |
| 245 | 1 | 0 | _aUmmahāt al-muʼminīn. |
| 260 | _c[1962?] | ||
| 300 |
_a206 p. _c19 cm. |
||
| 500 | _aRomanized. | ||
| 600 | 0 | 0 |
_aMuḥammad, _cProphet, _d-632 _vFiction. |
| 999 |
_c45458 _d45458 |
||